| 000 | 01539nam a22004217a 4500 | ||
|---|---|---|---|
| 001 | 444472 | ||
| 003 | OSt | ||
| 005 | 20210426100121.0 | ||
| 008 | 821109s1983 mdua b 001 0 eng | ||
| 010 | _a 82021728 | ||
| 020 | _a0683075004 | ||
| 040 |
_aeng _cDLC _deng _beng |
||
| 041 | _aeng | ||
| 050 | 1 | 0 |
_aRC925 _b.S2 1983 |
| 060 | _aWE 140 S177t | ||
| 080 |
_a617.3 _bS-17 |
||
| 082 | 0 | 0 |
_a616.7 _219 |
| 100 | 1 | _aSalter, Robert Bruce. | |
| 245 | 1 | 0 |
_aTextbook of disorders and injuries of the musculoskeletal system : _ban introduction to orthopaedics, fractures and joint injuries, rheumatology, metabolic bone disease, and rehabilitation / _c/ by: Williams & Wilkins |
| 250 | _a2nd edition | ||
| 260 |
_aBaltimore : _bWilliams & Wilkins _cc1983. |
||
| 300 |
_axvii, 578 p. : _bill. ; _c26 cm. |
||
| 504 | _aIncludes bibliographical references and index. | ||
| 650 | 0 |
_aMusculoskeletal system _xDiseases. |
|
| 650 | 0 |
_aOrthopedics _9635 |
|
| 650 | 0 |
_aMusculoskeletal system _xWounds and injuries. |
|
| 650 | 2 | _aBone diseases. | |
| 650 | 2 | _aJoint diseases. | |
| 650 | 2 | _aMuscular diseases. | |
| 650 | 2 | _aOrthopedics. | |
| 650 | 2 | _aRehabilitation. | |
| 653 | _aორთოპედია | ||
| 653 | _aსაყრდენ-მამოძრავებელი სისტემა | ||
| 653 | _aსახსრების დაავადებები | ||
| 653 | _aძვლების დაავადებები | ||
| 906 |
_a7 _bcbc _corignew _d1 _eocip _f19 _gy-gencatlg |
||
| 942 |
_2udc _cBK _e2 |
||
| 999 |
_c881 _d881 |
||